000 00711nam a22002057a 4500
005 20230624161516.0
008 180530t xxu||||| |||| 00| 0 eng d
040 _cCSPC
082 0 _a291.38
_bM68
245 0 0 _aMisal na Bikol
_bpanahon nin adviento asin pagkamundag nin Kagurangnan taon b/
260 _aNaga City :
_bCommission on Worship,
_c1990.
300 _aVIII, 116 pages :
_billustrations, tables;
_c21 cm.
546 _aBikol
650 1 0 _aLiturgies
_xBicol dialect.
650 1 0 _aBikoliana Collection.
940 _aLenie
942 _cBOOK
_jCIR 291.38 M68 1990
999 _c25620
_d25620